Diagnóstico de Seguridad e Higiene Industrial en la División Fábrica de la Empresa Hnos. Lacayo Montealegre en el período Zafra (1994-1995)
El presente trabajo monográfico abarca Higiene y Seguridad Industrial considerando los tópicos de mayor relevancia, tenemos: El ruido, Iluminación, carga térmica, contaminantes químicos, riesgos eléctricos, mecánicos, de caída, riesgos de incendios, importancia de la señalización y el equi...
| Main Authors: | , |
|---|---|
| Other Authors: | |
| Format: | Tesis Section = Libro |
| Language: | Undetermined Spanish |
| Published: |
Managua
UNI
1996
|
| Subjects: |
| LEADER | 01498nam a2200229Ia 4500 | ||
|---|---|---|---|
| 008 | 240830s9999 xx 000 0 und d | ||
| 040 | |a BIBLIOTECA-RUPAP Mon 658.28 M828 | ||
| 041 | |a spa | ||
| 082 | |a Mon 658.28 M828 | ||
| 100 | 1 | |a Morales Blandón, Xiomara | |
| 100 | 1 | |b Moraga Maradiaga, Liboria | |
| 245 | 1 | 0 | |a Diagnóstico de Seguridad e Higiene Industrial en la División Fábrica de la Empresa Hnos. Lacayo Montealegre en el período Zafra (1994-1995) |
| 260 | |a Managua |b UNI |c 1996 | ||
| 300 | |a 175 p. :il. | ||
| 502 | |a Tesis (Ingeniero Industrial)- UNI, 1996. | ||
| 520 | 3 | |a El presente trabajo monográfico abarca Higiene y Seguridad Industrial considerando los tópicos de mayor relevancia, tenemos: El ruido, Iluminación, carga térmica, contaminantes químicos, riesgos eléctricos, mecánicos, de caída, riesgos de incendios, importancia de la señalización y el equipo de protección personal. Además se incluye la investigación de accidentes de trabajo debido a que la empresa necesita el montaje formal de un sistema de investigación, ya que en la actualidad es incompleto. El sistema de investigación contempla: Informe de investigación de accidentes e investigación de costos de accidentes, al igual se considera de importancia incluir la guía metodológica de inspección técnica. | |
| 650 | 7 | |a SEGURIDAD INDUSTRIAL | |
| 650 | 7 | |b MEDIDAS DE SEGURIDAD | |
| 700 | 1 | |a Tutor: |b López, Lázaro | |
| 942 | |c BK |2 ddc | ||
| 991 | |a TESIS | ||
| 999 | |c 17055 | ||